Družina Horských šelem. Oblačný chrám /
Pokračování fantasy série českého autora, ve které se čtveřice přátel z družiny Horských šelem vydává na další cestu za dobrodružstvím. Cílem je tentokrát bájná říše Thédrie.
Uloženo v:
| Série: | Družina Horských šelem,
část 5 |
|---|---|
| Hlavní autor: | |
| Médium: | E-kniha |
| Jazyk: | Czech |
| Vydáno: |
[Praha] :
Jonathan Livingston,
2022
|
| Témata: | |
| Příbuzné jednotky: | Z cyklu::
Družina Horských šelem |
| Tagy: |
Žádné tagy |
| LEADER | 02248nam a2200397 i 4500 | ||
|---|---|---|---|
| 001 | 311753 | ||
| 003 | CZ PrSKC | ||
| 005 | 20260601215711.0 | ||
| 007 | ta | ||
| 008 | 221109s2022 xr g 000 f cze | ||
| 015 | |a cnb003471366 | ||
| 020 | |a 9788075512741 |q (brožováno) | ||
| 035 | |a (OCoLC)1357139715 | ||
| 040 | |a ABG001 |b cze |e rda | ||
| 072 | 7 | |a 821.162.3-3 |x Česká próza |2 Konspekt | |
| 080 | |a 821.162.3-31 |2 MRF | ||
| 080 | |a (0:82-312.9) |2 MRF | ||
| 100 | 1 | |a Eismann, Petr, |d 1981- |7 xx0246498 |4 aut | |
| 245 | 1 | 0 | |a Družina Horských šelem. |p Oblačný chrám / |c Petr Eismann |
| 246 | 3 | 0 | |a Oblačný chrám |
| 264 | 1 | |a [Praha] : |b Jonathan Livingston, |c 2022 | |
| 300 | |a 387 stran ; |c 17 cm | ||
| 336 | |a text |b txt |2 rdacontent | ||
| 337 | |a bez média |b n |2 rdamedia | ||
| 338 | |a svazek |b nc |2 rdacarrier | ||
| 520 | 2 | |a Pokračování fantasy série českého autora, ve které se čtveřice přátel z družiny Horských šelem vydává na další cestu za dobrodružstvím. Cílem je tentokrát bájná říše Thédrie. |b Obelisky, které vedou Ranku, Koré, Grulta a Jagha k bájné Thédrii vydávají svědectví o dávno zaniklé říši. Každý z nich je rafinovaně ukryt, nebo je hlídán bájným tvorem či strašlivou kletbou. Kromě toho je většina z nich na území, které bylo až do nedávna ovládáno nepřátelským klanem Bílého pařátu. K tomu, aby se k nim naši hrdinové dostali, musí znovu sáhnout až na dno svých sil. Nakladatelská anotace. Kráceno. | |
| 655 | 7 | |a české romány |7 fd133974 |2 czenas | |
| 655 | 7 | |a fantasy romány |7 fd184199 |2 czenas | |
| 655 | 9 | |a Czech fiction |2 eczenas | |
| 655 | 9 | |a fantasy novels |2 eczenas | |
| 787 | 0 | 8 | |i Z cyklu: |t Družina Horských šelem |g 5 |
| 900 | |a ABA001 |b 20 | ||
| 044 | |a xr | ||
| 910 | |a RBIT002 | ||
| 998 | |d 363921 |a https://core.palmknihy.cz/api/books/363921/cover?rlarg0 |b https://core.palmknihy.cz/api/books/363921/cover/400?rlarg0 |c https://core.palmknihy.cz/api/books/363921/cover/50?rlarg0 |e 2027-11-30 |g 392 |i 9788075512741 |j https://core.palmknihy.cz/api/books/363921/preview.epub |k https://core.palmknihy.cz/api/books/363921/preview.pdf |l |q 49 |r 1 |s https://www.palmknihy.cz/kniha/363921 |t ebook |y 2022 |z 0 |v Družina Horských šelem |w 5 | ||
| 999 | |d 311751 | ||